| 000 | 00353nam a2200133Ia 4500 | ||
|---|---|---|---|
| 008 | 240624s9999 xx 000 0 und d | ||
| 041 | _aeng | ||
| 082 | _a303.3 FRA | ||
| 100 | _aFRANCESCHINI FIORENZO | ||
| 245 | _aMANAGEMENT BY MEASUREMENT DESIGNING KEY | ||
| 260 |
_c2007 _aLondon _bSpringer |
||
| 300 | _axi, : 242 : p. : cm. ; 24 | ||
| 365 |
_cERU _b50 |
||
| 999 |
_c27191 _d27191 |
||